000 00813nas a2200265 4500
001 BR8902414
003 BR-BrBNA
005 20231205091538.0
007 ta
008 230509b bl.|||p| |||| 00| 00por d
040 _aBR-BrBNA
_bpor
_cBiblioteca Nacional de Agricultura
041 _a(Pt)
072 _aM13; L74; T01
100 1 _aCeleste, M.F.
100 1 _aCaceres, O.
245 1 _aResiduos de praguicidas organoclorados em peixes da represa do Ribeirao do Lobo (Broa)- Sao Carlos, Sao Paulo
650 _aPEIXE
650 _aRESIDUO ORGANICO
650 _aRESIDUO QUIMICO
650 _aPESTICIDA
650 _aSAO PAULO
773 0 _tCiencia e Cultura (Brazil)
_xISSN 0009-6725
_g(Jun 1988), v. 40(6) p. 586-590
_wBR8902414
909 _a202311
_bLúcia
_c55
_dLúcia Elande
942 _2AGRIS
_n0
_cANA
999 _c125774
_d125774